| 000 | 00957cam a2200229 4500 | ||
|---|---|---|---|
| 008 | 020125n2002 000 0 eng u | ||
| 020 | _a0471214574 | ||
| 035 | _a(Sirsi) u116483 | ||
| 041 | _aeng. | ||
| 100 | _aShenkman, M.M. | ||
| 245 | 4 | _aThe homeowner's legal bible : the ultimate guide to what homeowners need to know | |
| 260 |
_aNew York _bWiley _c2002 |
||
| 300 |
_axi,316p. _c23cm. |
||
| 350 | _a14.95 | ||
| 520 | _aAn American text that offers comprehensive coverage of the legal, tax and financial issues faced by American homeowners. Addressses the key issues of home ownership - from buying a first home to selling it or bequeathing it to heirs. Specific subjects covered include buying techniques, financing home-based businesses, leasing your home and protecting your home from lawsuits. | ||
| 650 | _aHOME OWNERSHIP | ||
| 650 | _aUNITED STATES | ||
| 650 | _aLAW | ||
| 650 | _aHOMEOWNERS | ||
| 690 | _aPROPERTY | ||
| 942 | _n0 | ||
| 999 |
_c101866 _d101866 |
||